000 00327 a2200109 4500
020 _a0071226621
082 _a624.171 LEE
100 _aLeet, Kenneth M.
245 _aFundamentals of Structural Analysis
_cKenneth M. Leet, Chia Ming Uang
260 _aBoston :
_bMc Graw Hill,
_c2002
300 _axviii, 734p. :
_bill. ;
_c25 cm
650 _aStructural Analysis
999 _c2101
_d2101